000 00281nam a2200109Ia 4500
008 200302s9999 xx 000 0 und d
100 _aSam Kubba
245 _aLeed Practices, Certification and Accreditation Handbook
260 _bElsevier Inc.
260 _c2010
300 _a500 P.,
999 _c2807
_d2807